Sports Quiz

Random Sports or Basketball Quiz

NBA Three-peat Players Quiz Stats

 Plays Quiz Updated Feb 20, 2018

Challenge
Share
Tweet
Embed
Score 0/46 Timer 12:00
3 Plays Today
Team Player % Correct
Chicago Bulls (1991-93; 96-98)Michael Jordan (1991-93; 96-98)
98%
Los Angeles Lakers (2000-02)Kobe Bryant (2000-02)
97%
Chicago Bulls (1991-93; 96-98)Scottie Pippen (1991-93; 96-98)
95.7%
Los Angeles Lakers (2000-02)Shaquille O'Neal (2000-02)
95.3%
Boston Celtics (1959-66)Bill Russell (1959-66)
86.4%
Chicago Bulls (1991-93; 96-98)Dennis Rodman (1996-98)
85.5%
Los Angeles Lakers (2000-02)Derek Fisher (2000-02)
77.4%
Chicago Bulls (1991-93; 96-98)Steve Kerr (1996-98)
75.7%
Chicago Bulls (1991-93; 96-98)Horace Grant (1991-93)
69.2%
Boston Celtics (1959-66)Bob Cousy (1959-63)
63.2%
Los Angeles Lakers (2000-02)Robert Horry (2000-02)
62.7%
Boston Celtics (1959-66)Sam Jones (1959-66)
58.4%
Boston Celtics (1959-66)K.C. Jones (1959-66)
58.4%
Minneapolis Lakers (1952-54)George Mikan (1952-54)
58%
Chicago Bulls (1991-93; 96-98)Toni Kukoč (1996-98)
58%
Boston Celtics (1959-66)John Havlicek (1963-66)
55.9%
Los Angeles Lakers (2000-02)Rick Fox (2000-02)
53.3%
Chicago Bulls (1991-93; 96-98)Luc Longley (1996-98)
51.8%
Chicago Bulls (1991-93; 96-98)B.J. Armstrong (1991-93)
50.6%
Chicago Bulls (1991-93; 96-98)Ron Harper (1996-98)
50.4%
Chicago Bulls (1991-93; 96-98)Bill Cartwright (1991-93)
47.2%
Chicago Bulls (1991-93; 96-98)John Paxson (1991-93)
45.5%
Chicago Bulls (1991-93; 96-98)Bill Wennington (1996-98)
30.4%
Team Player % Correct
Boston Celtics (1959-66)Tom Heinsohn (1959-65)
29.9%
Chicago Bulls (1991-93; 96-98)Scott Williams (1991-93)
25.5%
Chicago Bulls (1991-93; 96-98)Randy Brown (1996-98)
19%
Chicago Bulls (1991-93; 96-98)Will Perdue (1991-93)
18.8%
Boston Celtics (1959-66)Bill Sharman (1959-61)
17%
Chicago Bulls (1991-93; 96-98)Stacey King (1991-93)
16.1%
Los Angeles Lakers (2000-02)Devean George (2000-02)
15.8%
Chicago Bulls (1991-93; 96-98)Jud Buechler (1996-98)
13.9%
Los Angeles Lakers (2000-02)Brian Shaw (2000-02)
13.4%
Boston Celtics (1959-66)Tom Sanders (1961-66)
12.7%
Minneapolis Lakers (1952-54)Vern Mikkelsen (1952-54)
8.8%
Chicago Bulls (1991-93; 96-98)Dickey Simpkins (1996-98)
8.3%
Boston Celtics (1959-66)Frank Ramsey (1959-64)
6.9%
Minneapolis Lakers (1952-54)Slater Martin (1952-54)
6.8%
Boston Celtics (1959-66)Jim Loscutoff (1959-64)
4.8%
Minneapolis Lakers (1952-54)Jim Pollard (1952-54)
4%
Boston Celtics (1959-66)Larry Siegfried (1964-66)
3.3%
Minneapolis Lakers (1952-54)Bob Harrison (1952-54)
2.6%
Minneapolis Lakers (1952-54)Pep Saul (1952-54)
1.4%
Boston Celtics (1959-66)Gene Conley (1959-61)
1.2%
Boston Celtics (1959-66)Willie Naulls (1964-66)
1.2%
Minneapolis Lakers (1952-54)Whitey Skoog (1952-54)
1.2%
Boston Celtics (1959-66)Gene Guarilia (1960-63)
0.8%

You're not logged in!

Compare scores with friends on all Sporcle quizzes.
Join for Free
OR
Log In

You Might Also Like...

Show Comments

Extras

Top Quizzes Today


Score Distribution

Your Account Isn't Verified!

In order to create a playlist on Sporcle, you need to verify the email address you used during registration. Go to your Sporcle Settings to finish the process.

Report this User

Report this user for behavior that violates our Community Guidelines.

Details: